The wonderland Himachal Pradesh : (Record no. 130042)
[ view plain ]
| 000 -LEADER | |
|---|---|
| fixed length control field | 00764nam a22002417a 4500 |
| 005 - DATE AND TIME OF LATEST TRANSACTION | |
| control field | 20170124110106.0 |
| 010 ## - LIBRARY OF CONGRESS CONTROL NUMBER | |
| LC control number | B-080118 |
| 020 ## - INTERNATIONAL STANDARD BOOK NUMBER | |
| Terms of availability | 395.00 |
| International Standard Book Number | 81863510501 |
| 035 ## - SYSTEM CONTROL NUMBER | |
| System control number | B-080118 |
| 037 ## - SOURCE OF ACQUISITION | |
| Source of stock number/acquisition | Cen Lib/Ret |
| 040 ## - CATALOGING SOURCE | |
| Original cataloging agency | DPL |
| Language of cataloging | EN |
| 082 ## - DEWEY DECIMAL CLASSIFICATION NUMBER | |
| Classification number | 954.15 |
| Item number | BAL |
| 100 ## - MAIN ENTRY--PERSONAL NAME | |
| Personal name | Balokhra, Jag Mohan |
| 9 (RLIN) | 107353 |
| 245 ## - TITLE STATEMENT | |
| Title | The wonderland Himachal Pradesh : |
| Statement of responsibility, etc | by Jag Mohan Balokhra |
| Remainder of title | an encyclopedia / |
| 250 ## - EDITION STATEMENT | |
| Edition statement | 15th rev. ed. |
| 260 ## - PUBLICATION, DISTRIBUTION, ETC. (IMPRINT) | |
| Place of publication, distribution, etc | New Delhi |
| Name of publisher, distributor, etc | H.G.Publications |
| Date of publication, distribution, etc | 2003 |
| 270 ## - ADDRESS | |
| Address | 77, Madngir Village Market |
| City | New Delhi |
| Postal code | 110062 |
| 300 ## - PHYSICAL DESCRIPTION | |
| Extent | xv,1152p. |
| Dimensions | 20cm(Hb) |
| 500 ## - GENERAL NOTE | |
| General note | Includes bibliographical reference |
| 650 ## - SUBJECT ADDED ENTRY--TOPICAL TERM | |
| Topical term or geographic name as entry element | Himachal Pradesh |
| Geographic subdivision | India |
| 9 (RLIN) | 27055 |
| 650 ## - SUBJECT ADDED ENTRY--TOPICAL TERM | |
| Topical term or geographic name as entry element | Mountain, hill |
| 9 (RLIN) | 107354 |
| 942 ## - ADDED ENTRY ELEMENTS (KOHA) | |
| Source of classification or shelving scheme | Dewey Decimal Classification |
| Koha item type | English Books |
| Classification part | 954.15 |
| Call number suffix | BAL |
| Withdrawn status | Lost status | Damaged status | Not for loan | Home library | Current library | Date acquired | Source of acquisition | Cost, normal purchase price | Total Checkouts | Full call number | Barcode | Date last seen | Copy number | Cost, replacement price | Price effective from | Koha item type | Public note | Source of classification or shelving scheme | Collection code |
|---|---|---|---|---|---|---|---|---|---|---|---|---|---|---|---|---|---|---|---|
| Written off | Central Library | Central Library | 08/07/2015 | Cen Lib/Ret | 395.00 | 954.15 BAL | B-080118 | 08/07/2015 | 1 | 395.00 | 15/09/2016 | English Books | W/d List No. 8128/24; dtd 18.2.2017 | ||||||
| Sarojini Nagar | Sarojini Nagar | 07/02/2019 | 954.15 BAL | B-080119 | 07/02/2019 | 07/02/2019 | English Books | Dewey Decimal Classification | Non-fiction |
